000 00564nam a2200193Ia 4500
005 20250508152825.0
008 008 250505s9999 xx 000 0 eng d
037 _aReference
040 _aFEDL
_beng
_cFEDL
041 _aeng
_2eng
084 _a503, SPE
_qFEDL
100 _aSpeck G E Ed.
_9758886
245 0 _aJunior pictorial encyclopaedia of : Science
260 _aLondon, UK
_bWard Lock and Company Ltd.
_c1961
300 _a255p.
700 _a Shepherd Walter Radford J E
_9762487
942 _cREF
_h503, SPE
999 _c1338989
_d1338989